000
00196pam a2200097 a 4500
020
_c
041
_a
eng
100
_a
Chakravarti.
245
_a
Post Harvest Tech.
_h
Textual Documents
930
_a
7183
999
_c
84094
_d
84094